书目信息 |
| 题名: |
变分法及有限元
|
|
| 作者: | 钱伟长 著 | |
| 分册: | 上册 | |
| 出版信息: | 北京 科学出版社 1980 |
|
| 页数: | 608页 | |
| 开本: | 21cm | |
| 丛书名: | 力学丛书 | |
| 单 册: | ||
| 中图分类: | O176.3 , O242.21 , O176 | |
| 科图分类: | ||
| 主题词: | 变分法 , 有限元法 , 数学分析 | |
| 电子资源: | ||
| ISBN: | ||
| 000 | 00779nam2 2200313 45 | |
| 001 | 0180005382 | |
| 005 | 20040524150846.0 | |
| 010 | @dCNY3.50 | |
| 091 | @a18031.1298 | |
| 100 | @a19950209d1980 emky0chiy0121 ea | |
| 101 | 0 | @achi |
| 102 | @aCN@b110000 | |
| 105 | @ay z 000yy | |
| 106 | @ar | |
| 200 | 10 | @a变分法及有限元@Abian fen fa ji you xian yuan@h上册@f钱伟长著 |
| 210 | @a北京@c科学出版社@d1980 | |
| 215 | @a608页@d21cm | |
| 225 | 2 | @a力学丛书 |
| 410 | 0 | @120010@a力学丛书 |
| 606 | @a变分法 | |
| 606 | @a有限元法 | |
| 606 | 0 | @a数学分析 |
| 690 | @aO176.3@v3 | |
| 690 | @aO242.21@v3 | |
| 690 | @aO176 | |
| 701 | 0 | @a钱伟长@Aqian wei chang@4著 |
| 801 | 0 | @aCN@b上海图书馆@c20040524 |
| 801 | 2 | @aCN@bNLC@c20040524 |
| 905 | @f1@b32010@dO176@e6:1 | |
| 变分法及有限元.上册/钱伟长著.-北京:科学出版社,1980 |
| 608页;21cm.-(力学丛书) |
| ISBN :CNY3.50 |
| ● |
| 相关链接 |
|
|
|
|
正题名:变分法及有限元
索取号:O176/6:1
 
预约/预借
| 序号 | 登录号 | 条形码 | 馆藏地/架位号 | 状态 | 备注 |
| 1 | 0032010 | 001635252 | 第三借阅区/ [索取号:O176/6:1] | 在馆 | |
| 2 | 0032995 | 001635065 | 第二样本阅览室/ [索取号:O176/6:1] | 在馆 |